[Event "Gyor Amateur op 22nd"]
[Site "Gyor"]
[Date "2023.03.04"]
[Round "1"]
[White "Torok, Attila"]
[Black "Illes Nagy, Adam"]
[Result "1-0"]
[WhiteElo "1550"]
[BlackElo "1161"]
[PlyCount "95"]
[EventDate "2023.03.04"]
[EventType "swiss"]
[EventRounds "7"]
[EventCountry "HUN"]
[SourceTitle "EXT 2024"]
[Source "ChessBase"]
[SourceDate "2023.10.10"]
[SourceVersion "1"]
[SourceVersionDate "2023.10.10"]
[SourceQuality "1"]

1. e4 c5 2. f4 e6 3. Nf3 Nc6 4. c3 d5 5. e5 g6 6. Bb5 a6 7. Bxc6+ bxc6 8. d4 cxd4 9. cxd4 Bb4+ 10. Nc3 Bf8 11. 0-0 Bg7 12. Ne2 Ne7 13. Ng3 0-0 14. Bd2 a5 15. b4 Ba6 16. Rf2 axb4 17. Bxb4 f6 18. Rb2 fxe5 19. fxe5 Re8 20. Ng5 Bh6 21. Nxe6 Qc8 22. Qg4 Be3+ 23. Kh1 Rf8 24. Bxe7 Rf4 25. Qh3 Bxd4 26. Nxd4 Qxh3 27. gxh3 Rxd4 28. Rg1 Ra7 29. Bc5 Rf7 30. Bxd4 c5 31. Bxc5 d4 32. Rb8+ Kg7 33. Bxd4 Bb7+ 34. Rxb7 Rxb7 35. Nf5+ Kf7 36. Nd6+ Ke7 37. Nxb7 Ke6 38. a4 Kd5 39. Rd1 Kc6 40. Nd6 h5 41. a5 g5 42. a6 Kd5 43. a7 g4 44. a8Q+ Ke6 45. Rf1 gxh3 46. Rf6+ Kd7 47. Qb7+ Kd8 48. Rf8# 1-0

[Event "Gyor Amateur op 19th"]
[Site "Gyor"]
[Date "2019.12.29"]
[Round "4"]
[White "Torok, Attila"]
[Black "Vizkeleti, Peter"]
[Result "1-0"]
[WhiteElo "1565"]
[BlackElo "1119"]
[PlyCount "106"]
[EventDate "2019.12.28"]
[EventType "swiss"]
[EventRounds "5"]
[EventCountry "HUN"]
[SourceTitle "CBM 195 Extra"]
[Source "ChessBase"]
[SourceDate "2020.05.31"]
[SourceVersion "1"]
[SourceVersionDate "2020.05.31"]
[SourceQuality "1"]

1. e4 c5 2. Nf3 Nc6 3. d4 cxd4 4. Nxd4 Nf6 5. Nc3 e5 6. Ndb5 Qb6 7. Be3 Qa5 8. f3 a6 9. Nd6+ Bxd6 10. Qxd6 Qd8 11. 0-0-0 Qe7 12. Qd2 b5 13. Bg5 h6 14. Nd5 Qd8 15. Bxf6 gxf6 16. Qf2 f5 17. Qg3 Rb8 18. Qg7 Qg5+ 19. Qxg5 hxg5 20. exf5 Nd4 21. Bd3 d6 22. c3 Nxf5 23. Bxf5 Bxf5 24. Nc7+ Kd7 25. Nxa6 Rbc8 26. h3 Be6 27. Nb4 Rc5 28. Rd2 Rhc8 29. Rhd1 d5 30. Nxd5 Bxd5 31. Rxd5+ Ke6 32. Rd6+ Kf5 33. g4+ Kf4 34. Rf6+ Kg3 35. Rd3 Kf2 36. Rxf7 Ke2 37. Kc2 b4 38. Rfd7 bxc3 39. bxc3 Ra8 40. Rd2+ Ke3 41. R7d3+ Kf4 42. Kb1 Rb8+ 43. Rb2 Rbc8 44. Kc2 Rc4 45. a3 e4 46. fxe4 Kxe4 47. Rb4 Rxb4 48. axb4 Ra8 49. Rd4+ Ke3 50. Kb3 Rh8 51. b5 Rxh3 52. Kb4 Rh1 53. Kc5 Rc1 1-0

[Event "Gyor Amateur op 19th"]
[Site "Gyor"]
[Date "2019.12.28"]
[Round "3"]
[White "Boros, David"]
[Black "Torok, Attila"]
[Result "0-1"]
[WhiteElo "1107"]
[BlackElo "1565"]
[PlyCount "82"]
[EventDate "2019.12.28"]
[EventType "swiss"]
[EventRounds "5"]
[EventCountry "HUN"]
[SourceTitle "CBM 195 Extra"]
[Source "ChessBase"]
[SourceDate "2020.05.31"]
[SourceVersion "1"]
[SourceVersionDate "2020.05.31"]
[SourceQuality "1"]

1. e4 e5 2. Nf3 Nc6 3. Bc4 Bc5 4. d3 h6 5. Nc3 Nf6 6. 0-0 0-0 7. Bd2 d6 8. h3 Ne7 9. Qe2 Ng6 10. Be3 Nf4 11. Qd2 Bxe3 12. Qxe3 Nxh3+ 13. gxh3 Bxh3 14. Rfd1 Qd7 15. Nh2 Nh5 16. Nd5 Be6 17. Qf3 Bxd5 18. Bxd5 Nf4 19. Bb3 Kh7 20. d4 Qe7 21. c3 f5 22. Rf1 g6 23. Bc2 Rf7 24. Bb3 Rg7 25. Kh1 Rf8 26. Rg1 fxe4 27. Qxe4 Nh3 28. Rg2 Nxf2+ 29. Rxf2 Rxf2 30. Qxb7 Qh4 31. Qg2 Rxg2 32. Kxg2 Qe4+ 33. Kf2 exd4 34. cxd4 Qxd4+ 35. Kf3 d5 36. Ng4 Rf7+ 37. Kg3 Qf4+ 38. Kh3 Qf3+ 39. Kh4 Rf4 40. Rd1 g5+ 41. Kh5 Qh3# 0-1

[Event "HUN-chT4 Chalupetzky 1819"]
[Site "Hunagry"]
[Date "2019.05.05"]
[Round "10.2"]
[White "Torok, Attila"]
[Black "Bereczki, Erno"]
[Result "1-0"]
[WhiteElo "1587"]
[BlackElo "1506"]
[PlyCount "93"]
[EventDate "2018.10.14"]
[EventType "team-tourn"]
[EventRounds "10"]
[EventCountry "HUN"]
[SourceTitle "EXT 2020"]
[Source "ChessBase"]
[SourceDate "2019.10.17"]
[SourceVersion "1"]
[SourceVersionDate "2019.10.17"]
[SourceQuality "1"]
[WhiteTeam "KSE Level"]
[BlackTeam "Lovo"]
[WhiteTeamCountry "HUN"]
[BlackTeamCountry "HUN"]

1. e4 e5 2. Nf3 Nc6 3. Bb5 Bd6 4. 0-0 Nf6 5. Nc3 a6 6. Ba4 0-0 7. d4 b5 8. Bb3 Na5 9. dxe5 Nxb3 10. axb3 Nxe4 11. Nxe4 Be7 12. Bg5 h6 13. Bxe7 Qxe7 14. Qd4 Bb7 15. Rfe1 Rfe8 16. Rad1 Rad8 17. Re3 Bxe4 18. Qxe4 d6 19. Rde1 d5 20. Qg4 c5 21. Nh4 Qe6 22. Nf5 Qg6 23. Qf4 Qg5 24. Qf3 Re6 25. h4 Qg6 26. Qf4 Qh7 27. Rg3 g6 28. Nxh6+ Kf8 29. h5 Rd7 30. hxg6 Rxg6 31. Rxg6 Qxg6 32. e6 Re7 33. Nxf7 Kg7 34. Qe5+ Qf6 35. Qg5+ Qxg5 36. Nxg5 Kf6 37. f4 a5 38. Kf2 c4 39. bxc4 dxc4 40. Re5 Rb7 41. e7 Rxe7 42. Rxe7 Kxe7 43. Ne4 b4 44. Nc5 Kf6 45. g4 Ke7 46. Ke3 Kd8 47. Kd4 1-0

[Event "HUN-chT4a 1819"]
[Site "Hungary"]
[Date "2019.02.09"]
[Round "7.1"]
[White "Timar, Balint"]
[Black "Torok, Attila"]
[Result "0-1"]
[WhiteElo "1225"]
[BlackElo "1606"]
[PlyCount "62"]
[EventDate "2018.10.06"]
[EventType "team-tourn"]
[EventRounds "9"]
[EventCountry "HUN"]
[SourceTitle "EXT 2020"]
[Source "ChessBase"]
[SourceDate "2019.10.17"]
[SourceVersion "1"]
[SourceVersionDate "2019.10.17"]
[SourceQuality "1"]
[WhiteTeam "Janossomorja II"]
[BlackTeam "KSE Level II"]
[WhiteTeamCountry "HUN"]
[BlackTeamCountry "HUN"]

1. e4 c5 2. Nf3 Nc6 3. Bc4 e6 4. e5 g6 5. d3 Bg7 6. Bf4 Nge7 7. 0-0 0-0 8. Nc3 a6 9. a4 Nf5 10. Ne4 b6 11. c3 Bb7 12. Re1 Nxe5 13. Bxe5 Bxe5 14. Nxe5 d5 15. Bxd5 Bxd5 16. Ng4 Bc6 17. c4 Nd4 18. Ngf6+ Kg7 19. h3 Bxe4 20. Nxe4 f5 21. Nc3 Ra7 22. Ra3 Rd7 23. Qd2 Qf6 24. a5 b5 25. cxb5 axb5 26. Nxb5 Nxb5 27. Raa1 Rfd8 28. Re3 f4 29. Rf3 e5 30. Re1 Nd4 31. Rxe5 Nxf3+ 0-1

[Event "HUN-chT4a 1819"]
[Site "Hungary"]
[Date "2019.01.12"]
[Round "5.1"]
[White "Bereczki, Erno"]
[Black "Torok, Attila"]
[Result "0-1"]
[WhiteElo "1518"]
[BlackElo "1589"]
[PlyCount "54"]
[EventDate "2018.10.06"]
[EventType "team-tourn"]
[EventRounds "9"]
[EventCountry "HUN"]
[SourceTitle "EXT 2020"]
[Source "ChessBase"]
[SourceDate "2019.10.17"]
[SourceVersion "1"]
[SourceVersionDate "2019.10.17"]
[SourceQuality "1"]
[WhiteTeam "Lovo Sopron"]
[BlackTeam "KSE Level II"]
[WhiteTeamCountry "HUN"]
[BlackTeamCountry "HUN"]

1. e4 e5 2. Nf3 Nc6 3. Bc4 Bc5 4. c3 Nf6 5. d3 h6 6. b4 Bb6 7. b5 Na5 8. Nxe5 0-0 9. Ba3 d6 10. Ng6 Nxc4 11. Nxf8 Nxa3 12. Nxa3 Ng4 13. d4 Kxf8 14. h3 Nf6 15. Qd3 Qe7 16. f3 Bd7 17. Nc2 Re8 18. a4 Ba5 19. 0-0 Nh5 20. Ne3 Qg5 21. Nd5 c6 22. f4 Qg6 23. f5 Qg5 24. Nb4 Bc7 25. Rf3 Nf4 26. Qc2 Rxe4 27. g4 Bxf5 0-1

[Event "HUN-chT4a 1819"]
[Site "Hungary"]
[Date "2018.10.06"]
[Round "2.1"]
[White "Torok, Attila"]
[Black "Gyurika, Tamas"]
[Result "0-1"]
[WhiteElo "1587"]
[BlackElo "1677"]
[PlyCount "112"]
[EventDate "2018.10.06"]
[EventType "team-tourn"]
[EventRounds "9"]
[EventCountry "HUN"]
[SourceTitle "EXT 2020"]
[Source "ChessBase"]
[SourceDate "2019.10.17"]
[SourceVersion "1"]
[SourceVersionDate "2019.10.17"]
[SourceQuality "1"]
[WhiteTeam "KSE Level II"]
[BlackTeam "Lovo"]
[WhiteTeamCountry "HUN"]
[BlackTeamCountry "HUN"]

1. e4 c5 2. Nf3 Nc6 3. d4 cxd4 4. Nxd4 g6 5. Nc3 Bg7 6. Be3 Nf6 7. f3 Qb6 8. Nf5 Qxb2 9. Nxg7+ Kf8 10. Na4 Qa3 11. Bh6 Qxa4 12. Nh5+ Kg8 13. Nxf6+ exf6 14. Qd6 Qb4+ 15. Qxb4 Nxb4 16. Kd2 Nc6 17. h4 Ne5 18. Be2 d6 19. Rab1 b6 20. Rhg1 f5 21. f4 Nc6 22. Bb5 Nd4 23. Bd3 f6 24. c3 Ne6 25. exf5 gxf5 26. Bc4 Kf7 27. g4 Kg6 28. gxf5+ Kxh6 29. fxe6 d5 30. Bd3 Bxe6 31. f5 Bf7 32. Be2 Rhg8 33. Kd3 Rge8 34. Bf3 Re5 35. Bg4 Rae8 36. Rg3 Bh5 37. Rb4 Bxg4 38. Rbxg4 Re2 39. a4 Ra2 40. Re3 Rxe3+ 41. Kxe3 Rc2 42. Kd3 Rf2 43. a5 Rxf5 44. axb6 axb6 45. Rb4 Rf3+ 46. Kd2 Kh5 47. Rxb6 Kxh4 48. Rd6 Rf5 49. Kd3 Kg3 50. Kd4 h5 51. Rxd5 Rxd5+ 52. Kxd5 h4 53. c4 h3 54. c5 h2 55. c6 h1Q+ 56. Kd6 Qxc6+ 0-1

[Event "HUN-chT4 1718"]
[Site "Hungary"]
[Date "2018.04.14"]
[Round "8.12"]
[White "Torok, Attila"]
[Black "Hatzi, Evelin"]
[Result "1-0"]
[WhiteElo "1591"]
[BlackElo "1291"]
[PlyCount "75"]
[EventDate "2017.10.28"]
[EventType "team-tourn"]
[EventRounds "9"]
[EventCountry "HUN"]
[SourceTitle "EXT 2020"]
[Source "ChessBase"]
[SourceDate "2019.10.17"]
[SourceVersion "1"]
[SourceVersionDate "2019.10.17"]
[SourceQuality "1"]

1. e4 c5 2. f4 Nc6 3. Nf3 Nf6 4. e5 Ne4 5. d3 Nf2 6. Kxf2 Qb6 7. c3 c4+ 8. d4 d5 9. exd6 exd6 10. Bxc4 Be7 11. Re1 0-0 12. b4 a5 13. Be3 Qc7 14. b5 Na7 15. Qd3 b6 16. Nbd2 g6 17. Bd5 Rb8 18. c4 Bf6 19. Ne4 Bg7 20. Nh4 Qe7 21. g3 Kh8 22. Ng5 Be6 23. Bd2 Rbc8 24. Nxe6 fxe6 25. Rxe6 Qd7 26. Nxg6+ hxg6 27. Qxg6 Bxd4+ 28. Be3 Bxa1 29. Qh5+ Qh7 30. Rh6 Rc7 31. Be4 Rff7 32. Rxh7+ Rxh7 33. Qe8+ Kg7 34. Bxb6 Rxc4 35. Qg6+ Kf8 36. Qxh7 Nxb5 37. Bd5 Bg7 38. Qg8+ 1-0

[Event "HUN-chT4 1718"]
[Site "Hungary"]
[Date "2018.02.17"]
[Round "5.7"]
[White "Torok, Attila"]
[Black "Bokrossy, Bela"]
[Result "0-1"]
[WhiteElo "1596"]
[BlackElo "1547"]
[PlyCount "111"]
[EventDate "2017.10.28"]
[EventType "team-tourn"]
[EventRounds "9"]
[EventCountry "HUN"]
[SourceTitle "EXT 2020"]
[Source "ChessBase"]
[SourceDate "2019.10.17"]
[SourceVersion "1"]
[SourceVersionDate "2019.10.17"]
[SourceQuality "1"]

1. e4 c5 2. Nf3 Nc6 3. d4 cxd4 4. Nxd4 g6 5. Nc3 Bg7 6. Be3 a6 7. Qd2 Nf6 8. f3 0-0 9. Nb3 d6 10. 0-0-0 Be6 11. Nd5 Bxd5 12. exd5 Ne5 13. Na5 Qc7 14. Qb4 Rfc8 15. c3 b5 16. Be2 h6 17. g4 Ned7 18. f4 Nb6 19. Bf3 Nc4 20. Nxc4 Qxc4 21. Qxc4 Rxc4 22. Rd4 Rac8 23. Rxc4 Rxc4 24. Kd2 h5 25. h3 hxg4 26. hxg4 Nd7 27. Be2 Rc8 28. Rc1 Nf6 29. Bf3 Kf8 30. Kd3 Nd7 31. Rh1 Nc5+ 32. Kd2 Na4 33. Bd4 Bxd4 34. cxd4 Kg7 35. b3 Nb6 36. Re1 Rc7 37. Re3 b4 38. Re1 Rc3 39. Re3 Rc7 40. Be4 a5 41. Rh3 a4 42. g5 Ra7 43. f5 axb3 44. Rxb3 Rxa2+ 45. Kd3 gxf5 46. Bxf5 Ra3 47. Rxa3 bxa3 48. Kc3 Nxd5+ 49. Kb3 Ne3 50. Bd3 Nd5 51. Kxa3 Nf4 52. Bf5 Ne6 53. Kb4 Nxd4 54. Be4 Ne6 55. Kc4 Nxg5 56. Bg2 0-1

[Event "Mosonmagyarovar op"]
[Site "Mosonmagyarovar"]
[Date "2017.09.29"]
[Round "2"]
[White "Csonka, Attila Istvan"]
[Black "Torok, Attila"]
[Result "1-0"]
[WhiteElo "2349"]
[BlackElo "1617"]
[PlyCount "53"]
[EventDate "2017.09.28"]
[EventType "swiss"]
[EventRounds "7"]
[EventCountry "HUN"]
[SourceTitle "EXT 2019"]
[Source "ChessBase"]
[SourceDate "2018.10.10"]
[SourceVersion "1"]
[SourceVersionDate "2018.10.10"]
[SourceQuality "1"]

1. e4 e5 2. Nf3 Nc6 3. c3 d6 4. d4 Bg4 5. Bb5 a6 6. Ba4 b5 7. Bb3 Nf6 8. Bg5 h6 9. Bxf6 Qxf6 10. Bd5 Bd7 11. a4 Rb8 12. axb5 axb5 13. Ra6 Nd8 14. Nxe5 dxe5 15. Rxf6 gxf6 16. dxe5 fxe5 17. Qh5 Bg7 18. 0-0 0-0 19. Nd2 Rb6 20. Nf3 Re8 21. Ra1 Rd6 22. h3 c6 23. Bb3 Be6 24. Bxe6 Rdxe6 25. Nh4 Nb7 26. Ra7 Nd6 27. Nf5 1-0

[Event "HUN-chT4 1617"]
[Site "Hungary"]
[Date "2017.03.19"]
[Round "6.4"]
[White "Lukacsi, Zsolt"]
[Black "Torok, Attila"]
[Result "0-1"]
[WhiteElo "1576"]
[BlackElo "1652"]
[PlyCount "81"]
[EventDate "2016.10.02"]
[EventType "team-tourn"]
[EventRounds "7"]
[EventCountry "HUN"]
[SourceTitle "EXT 2019"]
[Source "ChessBase"]
[SourceDate "2018.10.10"]
[SourceVersion "1"]
[SourceVersionDate "2018.10.10"]
[SourceQuality "1"]

1. e4 e5 2. Nc3 Nf6 3. Bc4 Bc5 4. f4 Bxg1 5. Rxg1 d6 6. Qf3 Bg4 7. Qg3 exf4 8. Qxf4 c6 9. d3 Nbd7 10. Qxd6 Qb6 11. Rf1 0-0-0 12. Bf4 Rhe8 13. Na4 Qa5+ 14. b4 Ne5 15. bxa5 Rxd6 16. Bxe5 Rxe5 17. a6 b5 18. Nb2 Nxe4 19. dxe4 Rxe4+ 20. Kf2 bxc4 21. Kg1 f6 22. h3 c3 23. Nd1 Bxd1 24. Raxd1 Rd2 25. Rfe1 Rxe1+ 26. Rxe1 Rxc2 27. Re3 Rxa2 28. Rxc3 Kc7 29. Re3 Kd6 30. Rd3+ Ke7 31. Re3+ Kf7 32. Rd3 Rxa6 33. Rd7+ Kg6 34. Rc7 h5 35. Kf2 f5 36. Kf3 Kf6 37. h4 g6 38. g3 Ke5 39. Re7+ Kd5 40. Ke3 c5 41. Rc7 0-1

[Event "Level op-A 4th"]
[Site "Level"]
[Date "2016.03.12"]
[Round "2"]
[White "Erky, Tamas"]
[Black "Torok, Attila"]
[Result "1/2-1/2"]
[WhiteElo "1681"]
[BlackElo "1719"]
[PlyCount "36"]
[EventDate "2016.03.11"]
[EventType "swiss"]
[EventRounds "7"]
[EventCountry "HUN"]
[SourceTitle "EXT 2017"]
[Source "ChessBase"]
[SourceDate "2016.10.25"]
[SourceVersion "1"]
[SourceVersionDate "2016.10.25"]
[SourceQuality "1"]

1. d4 d5 2. c4 e6 3. Nc3 Bb4 4. Nf3 Nf6 5. Bg5 0-0 6. e3 b6 7. Rc1 Bb7 8. a3 Bxc3+ 9. bxc3 Nbd7 10. cxd5 exd5 11. Bd3 Qe8 12. 0-0 Ne4 13. Bf4 Rc8 14. c4 c6 15. cxd5 cxd5 16. Qa4 a6 17. Rxc8 Qxc8 18. Ne5 Nxe5 1/2-1/2

[Event "Level op-A 3rd"]
[Site "Level"]
[Date "2015.03.28"]
[Round "4"]
[White "Trajber, Csaba"]
[Black "Torok, Attila"]
[Result "1-0"]
[WhiteElo "2022"]
[BlackElo "1736"]
[PlyCount "63"]
[EventDate "2015.03.27"]
[EventType "swiss"]
[EventRounds "7"]
[EventCountry "HUN"]
[SourceTitle "EXT 2020"]
[Source "ChessBase"]
[SourceDate "2019.10.17"]
[SourceVersion "1"]
[SourceVersionDate "2019.10.17"]
[SourceQuality "1"]

1. e4 e5 2. Nc3 Nc6 3. f4 exf4 4. Nf3 Be7 5. h4 Nf6 6. d4 d6 7. Bxf4 Bg4 8. Qd2 Nh5 9. 0-0-0 0-0 10. Nd5 a5 11. a3 Nf6 12. Re1 Re8 13. Bc4 Nb8 14. Ng5 Be6 15. Nxe6 fxe6 16. Nxe7+ Qxe7 17. e5 Ne4 18. Rxe4 d5 19. Bxd5 exd5 20. Re3 Ra6 21. Rg3 Qe6 22. h5 Nd7 23. Rh4 Re7 24. Rhg4 Rf7 25. Kb1 b5 26. Qc3 Nb6 27. Qc5 Nc4 28. Ka2 Rb6 29. b3 Qf5 30. Kb1 Qe4 31. Bc1 Qe1 32. Qxd5 1-0

[Event "Level op-A 3rd"]
[Site "Level"]
[Date "2015.03.27"]
[Round "1"]
[White "Torok, Attila"]
[Black "Berta, Sandor Martin"]
[Result "0-1"]
[WhiteElo "1736"]
[BlackElo "2050"]
[PlyCount "82"]
[EventDate "2015.03.27"]
[EventType "swiss"]
[EventRounds "7"]
[EventCountry "HUN"]
[SourceTitle "EXT 2020"]
[Source "ChessBase"]
[SourceDate "2019.10.17"]
[SourceVersion "1"]
[SourceVersionDate "2019.10.17"]
[SourceQuality "1"]

1. e4 c5 2. Nf3 Nc6 3. d4 cxd4 4. Nxd4 Qb6 5. Nb5 a6 6. Be3 Qd8 7. Nd4 Nf6 8. Nc3 e6 9. a3 d5 10. f3 e5 11. Nxc6 bxc6 12. Bg5 Be6 13. Bd3 Qb6 14. b4 Be7 15. Qd2 Rd8 16. Bxf6 gxf6 17. Na4 Qa7 18. Qf2 d4 19. Qe2 a5 20. b5 cxb5 21. Bxb5+ Kf8 22. Qd3 Rg8 23. Kf2 Qc7 24. Rac1 Qd6 25. Ra1 Rc8 26. Rhc1 f5 27. g3 fxe4 28. Qxe4 Bd5 29. Qf5 Rb8 30. Rcb1 Rg6 31. Be2 Rxb1 32. Rxb1 Bd8 33. c4 dxc3 34. Qc8 Bc6 35. Nxc3 Qc5+ 36. Kf1 Qxc3 37. Qxd8+ Kg7 38. Bd3 e4 39. Bxe4 Bxe4 40. fxe4 Rf6+ 41. Kg1 Qe3+ 0-1